LEADER 00873nam0-22003011i-450- 001 990005729180403321 005 20140417130203.0 035 $a000572918 035 $aFED01000572918 035 $a(Aleph)000572918FED01 035 $a000572918 100 $a19990604d1924----km-y0itay50------ba 101 0 $aita 105 $ay---r---001yy 200 1 $aSaggio su l'intelletto umano$fGiovanni Locke$ga cura di Augusto Guzzo 210 $aFirenze$cVallecchi$d1924 215 $aXVI, 278 p.$d20 cm 225 1 $aTesti filosofici commentati 610 0 $aConoscenza$aTeorie 676 $a192$v20 700 1$aLocke,$bJohn$f<1632-1704>$044514 801 0$aIT$bUNINA$gRICA$2UNIMARC 901 $aBK 912 $a990005729180403321 952 $aP.1 6E LOCKE 18$bIST.ST.FIL. 1667$fFLFBC 959 $aFLFBC 996 $aSaggio su l'intelletto umano$9573262 997 $aUNINA LEADER 01105nam0-22003131i-450- 001 990005709090403321 005 19990530 035 $a000570909 035 $aFED01000570909 035 $a(Aleph)000570909FED01 035 $a000570909 100 $a19990530d19??----km-y0itay50------ba 101 0 $aita 101 0 $alat 105 $ay-------001yy 200 1 $aDonazioni medievali al convento dei minori conventuali in Gorizia$epergamene dell'Archivio provinciale goriziano pubblicate dalla direzione della biblioteca dello Stato in Gorizia$fCarlo Battisti 210 $a[s.l.]$c[s.n.]$d19- 215 $a35 p.$d25 cm 300 $aL'estratto non presenta frontespizio 700 1$aBattisti,$bCarlo$f<1882-1977>$0285301 712 10$aGORIZIA. ARCHIVIO PROVINCIALE 712 10$aGORIZIA. DIREZIONE DELLA BIBLIOTECA DELLO STATO 801 0$aIT$bUNINA$gRICA$2UNIMARC 901 $aBK 912 $a990005709090403321 952 $aGLOTT. B II a 42 (5)$bIST.GLOTT.S.I.$fFLFBC 959 $aFLFBC 996 $aDonazioni medievali al convento dei minori conventuali in Gorizia$9573848 997 $aUNINA LEADER 00963nam 2200289Ia 450 001 996394631703316 005 20221102113702.0 035 $a(CKB)3810000000006930 035 $a(EEBO)2240950522 035 $a(OCoLC)13553705 035 $a(EXLCZ)993810000000006930 100 $a19860510d1660 uy | 101 0 $aeng 135 $aurbn||||a|bb| 200 00$aVox populi$b[electronic resource] =$eThe Voice of the people : congratulating His Majesty King Charls the II of England, Scotland, France and Ireland, in thirty heroic stanza's : with a brief panegirick in praise of His Illustrious Majesty 210 $aLondon $cPrinted for H. Brome ...$d1660 215 $a8 p 300 $aIn verse. 300 $aReproduction of original in the Harvard University Library. 330 $aeebo-0062 801 0$bEAG 801 1$bEAG 801 2$bWaOLN 906 $aBOOK 912 $a996394631703316 996 $aVox populi?$9226385 997 $aUNISA